|
|
|
|
| LEADER |
00000nam0a2200000 4500 |
| 001 |
78273 |
| 005 |
20231031093755.0 |
| 035 |
|
|
|a (RuTPU)RU\TPU\book\83887
|
| 090 |
|
|
|a 78273
|
| 100 |
|
|
|a 20050615d2003 m y0rusy50 ca
|
| 101 |
0 |
|
|a rus
|a chi
|
| 102 |
|
|
|a RU
|
| 105 |
|
|
|a y j 000zy
|
| 200 |
1 |
|
|a 82 научно-популярных текста-миниатюры на занятиях по китайскому языку
|f Н. Н. Воропаев
|g Томский политехнический университет
|
| 210 |
|
|
|a Томск
|c Изд-во ТПУ
|d 2003
|
| 215 |
|
|
|a 226 с.
|
| 330 |
|
|
|a Пособие содержит 82 аутентичных текста-миниатюры на современном китайском языке по научно-познавательной тематике. Критериями отбора текстов явились их небольшой объем, занимательность, простота изложения, высокая повторяемость языковых единиц и языковых явлений из текста в текст. В пособии предложен материал для творческого использования в работе по развитию связной речи учащихся. Предназначено для студентов 1-2 курсов вузов и учащихся средних школ с преподаванием китайского языка.
|
| 610 |
1 |
|
|a китайский язык
|
| 610 |
1 |
|
|a учебные пособия
|
| 610 |
1 |
|
|a чтение
|
| 610 |
1 |
|
|a переводы
|
| 610 |
1 |
|
|a научная лексика
|
| 610 |
1 |
|
|a тексты
|
| 686 |
|
|
|a Ш171.11-923
|v LBC/SL-A
|2 rubbk
|
| 700 |
|
1 |
|a Воропаев
|b Н. Н.
|g Николай Николаевич
|
| 712 |
0 |
2 |
|a Томский политехнический университет
|2 stltpush
|3 (RuTPU)RU\TPU\col\376
|
| 801 |
|
1 |
|a RU
|b 63413507
|c 20050615
|g PSBO
|
| 801 |
|
2 |
|a RU
|b 63413507
|c 20050805
|g PSBO
|
| 942 |
|
|
|c BK
|